[Event "Krasnodar"]
[Site "Krasnodar"]
[Date "1995.??.??"]
[Round "8"]
[White "Gaponenko, Inna"]
[Black "Poluljahov, Aleksandr"]
[Result "1/2-1/2"]
[WhiteElo "2390"]
[BlackElo "2450"]

1.e4 c5 2.Nf3 e6 3.d4 cxd4 4.Nxd4 a6 5.Nc3 b5 6.Bd3 Bb7 7.O-O d6 8.a3 Nf6
9.Kh1 Be7 10.f4 O-O 11.Be3 Nbd7 12.Bg1 Rc8 13.Qe2 Nc5 14.Rf3 Nfd7 15.Rh3 g6
16.e5 Re8 17.Re1 Bf8 18.Nf3 dxe5 19.fxe5 Bg7 20.Bd4 Nxd3 21.cxd3 Nc5 22.Qe3 Qe7
23.Rf1 Rf8 24.Ng5 h6 25.Nge4 Nxe4 26.Nxe4 Bxe4 27.Qxe4 b4 28.axb4 Qxb4 29.Qe3 Rfd8
30.Bc3 Qb5 31.Rhf3 Rd7 32.Ra1 Bf8 33.h3 h5 34.Ra5 Qb7 35.Qf4 Rcd8 36.Qc4 Ra8
37.Ra1 Rc7 38.Qh4 Be7 39.Qf2 Bc5 40.d4 Bb4 41.Qd2 Bf8 42.Qe2 Qc6 43.Rg3 Kh7
44.Rf3 Raa7 45.Ra5 Qb6 46.Ra1 Qb5 47.Qd2 Bh6 48.Qe1 a5 49.Bxa5 Qxb2 50.Rb1 Qxb1
51.Qxb1 Rxa5 52.Qb6 Ra1+ 53.Kh2 Rd7 54.d5 Bg7 55.dxe6 Bxe5+ 56.g3 fxe6 57.Rf2 h4
58.Qxe6 Bxg3+ 59.Kg2 Raa7 60.Rc2 Re7 61.Qg4 Ra6  1/2-1/2

[Event "Kurgan"]
[Site "Kurgan"]
[Date "1995.??.??"]
[Round "10"]
[White "Obukhov, Alexander"]
[Black "Chuprov, A."]
[Result "0-1"]
[WhiteElo "2445"]
[BlackElo "2420"]

1.e4 c5 2.Nf3 e6 3.d4 cxd4 4.Nxd4 a6 5.Nc3 Qc7 6.Be2 b5 7.a3 Bb7 8.O-O Nf6
9.Qd3 d6 10.f4 Nbd7 11.Bf3 Be7 12.Kh1 h6 13.b3 Rc8 14.Bb2 g5 15.e5 dxe5 16.Nxe6 fxe6
17.Qg6+ Kd8 18.fxe5 Nxe5 19.Rad1+ Ned7 20.Nxb5 Qxc2 21.Qxc2 Rxc2 22.Bxf6 Bxf3
23.Rxf3 Bxf6  0-1

[Event "GER-ch U20"]
[Site "Leipzig"]
[Date "1995.??.??"]
[Round "3"]
[White "Pasalic, Mehmed"]
[Black "Fuhrmann, Daniel"]
[Result "1/2-1/2"]
[WhiteElo "2355"]
[BlackElo "2275"]

1.e4 c5 2.Nf3 e6 3.d4 cxd4 4.Nxd4 a6 5.Nc3 Qc7 6.Bd3 Nf6 7.O-O Nc6 8.Be3 Ne5
9.h3 Be7 10.Qe2 b5 11.f4 Nxd3 12.cxd3 Bb7 13.Rac1 Qb8 14.Nb3 O-O 15.Bd4 d6
16.Nd2 e5 17.Be3 d5 18.fxe5 Qxe5 19.d4 Qe6 20.e5 Ne4 21.Ncxe4 dxe4 22.Rc7 Bd5
23.Qg4 f5 24.exf6 Rxf6 25.Rxf6 Qxg4 26.hxg4 Bxf6 27.g5 Bd8 28.Rd7 Be6 29.Rd6 Bxa2
30.Nxe4 a5 31.Nc3 Bc4 32.Rc6 Be7 33.d5 Bb4 34.Bd4 Bxc3 35.Bxc3 Bxd5 36.Rc5 Bf7
37.Rxb5 a4 38.Rb7 Kf8 39.Kf2 Bg6 40.Kg3 Ra6 41.Bxg7+ Kg8 42.Bf6  1/2-1/2

[Event "Lippstadt"]
[Site "Lippstadt"]
[Date "1995.??.??"]
[Round "4"]
[White "Wehmeier, Stefan"]
[Black "Stangl, Markus"]
[Result "1/2-1/2"]
[WhiteElo "2410"]
[BlackElo "2560"]

1.e4 c5 2.Nc3 e6 3.Nf3 a6 4.d4 cxd4 5.Nxd4 d6 6.Be2 b5 7.f4 b4 8.Nb1 Bb7
9.Bf3 Nd7 10.c3 Ngf6 11.cxb4 Nxe4 12.Be3 Be7 13.Nd2 d5 14.a3 O-O 15.O-O Bf6
16.N2b3 e5 17.fxe5 Nxe5 18.Na5 Qd7 19.Ndb3 Bc6 20.Nc5 Nxc5 21.Bxc5 Rfe8 22.Nxc6 Nxf3+
23.Qxf3 Qxc6 24.Rad1 Re4 25.Rf2 Rd8 26.Rfd2 Qe6 27.Bf2 d4 28.h3 h6 29.Kf1 Re8
30.Kg1 Qd6 31.Qb3 h5 32.b5 Rb8 33.Qf3 Rbe8 34.bxa6 h4 35.a7 Qa6 36.Bxd4 Bxd4+
37.Rxd4 Qxa7 38.Qf2 Re2 39.Qxh4 Rxb2 40.Kh1 Qxa3 41.Rd8  1/2-1/2

[Event "Lisboa"]
[Site "Lisboa"]
[Date "1995.??.??"]
[Round "5"]
[White "Galego, Luis"]
[Black "Ribeiro, Fernando"]
[Result "0-1"]
[WhiteElo "2435"]
[BlackElo "2240"]

1.e4 c5 2.Nf3 e6 3.d4 cxd4 4.Nxd4 a6 5.Nc3 Qc7 6.Bd3 Nc6 7.Nxc6 Qxc6 8.O-O b5
9.e5 Qc7 10.Bf4 f5 11.Qf3 Bb7 12.Qg3 g6 13.a3 Kf7 14.Rad1 Bc6 15.Be2 Qb7
16.Rd3 Rc8 17.Rfd1 Rc7 18.Bg5 h6 19.Bd8 Rc8 20.Ba5 d5 21.exd6 Qd7 22.Bf3 Nf6
23.Bxc6 Rxc6 24.Bc7 Bg7 25.Qf3 g5 26.Qe2 h5 27.Na2 Nd5 28.Rxd5 exd5 29.Nb4 Rc4
30.Nxd5 Re4 31.Qf3 Qe6 32.Ne3 f4 33.Nf1 g4 34.Qb3 Qxb3 35.cxb3 Rd4 36.Rxd4 Bxd4
37.d7 Bf6 38.Nd2 Ke6 39.Ne4 Kxd7 40.Bxf4 Bxb2 41.a4 Kc6 42.axb5+ Kxb5 43.Bd2 Rd8
44.Kf1 Rd3 45.b4 Ba3 46.Ke2 Rd8  0-1

[Event "Litomysl op"]
[Site "Litomysl"]
[Date "1995.??.??"]
[Round "2"]
[White "Jirovsky, Petr"]
[Black "Tolnai, Tibor"]
[Result "1/2-1/2"]
[WhiteElo "2255"]
[BlackElo "2455"]

1.e4 c5 2.Nf3 e6 3.d4 cxd4 4.Nxd4 a6 5.Nc3 Qc7 6.Bd3 Nc6 7.Be3 Nf6 8.O-O Bd6
9.Kh1 h5 10.h3 Ng4 11.Be2 Nxe3 12.fxe3 Be7 13.Bxh5 g6 14.Nxc6 dxc6 15.Bg4 Qg3
16.Qf3 Qxf3 17.Bxf3 e5 18.Nd1 Bc5 19.Re1 Be6 20.Nf2 Ke7 21.Nd3 Bd6 22.b3 Ba3
23.Kg1 f6 24.Bg4 Bf7 25.Rad1 Rhd8 26.Kf1 a5 27.Nf2 Bd6 28.a4 b5 29.Ra1 Bb4
30.Red1 bxa4 31.Rxa4 c5 32.Rxd8 Rxd8 33.Nd3 Be8 34.Nxb4 axb4 35.Ra7+ Kd6
36.Ra6+ Bc6 37.Be2 Kc7 38.Bd3 Kb7 39.Ra5 Kb6 40.Ra6+ Kb7 41.Ra5 Kb6 42.Ra1 Bb7
43.Ke2 Rd6 44.Rg1  1/2-1/2

[Event "Litomysl op"]
[Site "Litomysl"]
[Date "1995.??.??"]
[Round "3"]
[White "Tolnai, Tibor"]
[Black "Helis, Tadeusz"]
[Result "1-0"]
[WhiteElo "2455"]
[BlackElo "2235"]

1.e4 c5 2.Nf3 e6 3.d4 cxd4 4.Nxd4 a6 5.Nc3 Qc7 6.f4 Nc6 7.Nxc6 Qxc6 8.Bd3 b5
9.Qe2 Bb7 10.Bd2 Rc8 11.O-O h5 12.h3 Bc5+ 13.Kh2 Nf6 14.e5 Nd5 15.Ne4 Be7
16.Rac1 Nb6 17.a3 Nc4 18.Bb4 d5 19.exd6 Nxd6 20.Nxd6+ Bxd6 21.Bxd6 Qxd6 22.Rcd1 Qc7
23.Kh1 Rh6 24.Rd2 Kf8 25.Qd1 Rf6 26.Qxh5 Rh6 27.Qg4 Rd8 28.Qg3 Rd5 29.Kg1 Rdh5
30.Qe3 Qc6 31.Rf3 Qc7 32.Rg3 Rf6 33.Rf2 e5 34.Qe2 g6 35.fxe5 Rxe5 36.Re3 Rxf2
37.Qxf2 Rg5 38.Be4 Bxe4 39.Rxe4 Rf5 40.Qd2 Re5 41.Rxe5 Qxe5 42.c3 Qe6 43.Kf2 Qf5+
44.Kg1 Qe6 45.Qd8+ Kg7 46.Qd4+ Kh7 47.Kf2 Qa2 48.Qd2 Qb1 49.Ke3 Qg1+ 50.Qf2 Qc1+
51.Kd4 f5 52.h4 Qd1+ 53.Ke5 Qd3 54.g3 Kg7 55.Ke6 Qe4+ 56.Kd6 Kh7 57.Qd4 Qb7
58.Ke6 Qe4+ 59.Kf6 Qc6+ 60.Ke5 Kg7 61.Qa7+ Kh6 62.Qe3+ Kh7 63.Qd4 Kg7 64.Kf4+ Kh7
65.Qe5 Qd7 66.Ke3 Qa7+ 67.Kd3 Qd7+ 68.Kc2 Qf7 69.Qd4 Qc7 70.Qf4 Qe7 71.Kb3 Qc5
72.a4 Qe7 73.axb5 axb5 74.Qf2 Qd6 75.Qf4 Qe7 76.Ka2 Qe6+ 77.b3 Qc6 78.Kb2 Qg2+
79.Ka3 Qb7 80.Kb4 Qc6 81.Qe5 Qd7 82.Qf4 Qc6 83.c4 bxc4 84.bxc4 Qb6+ 85.Kc3 Qc5
86.Kd3 Kg8 87.Qe3 Qd6+ 88.Kc2 Kf7 89.c5 Qd5 90.Kc3 Kf6 91.Qd4+ Ke6 92.Qxd5+ Kxd5
93.Kb4 Kc6 94.Kc4  1-0

[Event "Litomysl op"]
[Site "Litomysl"]
[Date "1995.??.??"]
[Round "5"]
[White "Vavra, Pavel"]
[Black "Helis, Tadeusz"]
[Result "1-0"]
[WhiteElo "2355"]
[BlackElo "2235"]

1.e4 c5 2.Nf3 e6 3.d4 cxd4 4.Nxd4 a6 5.Nc3 Qc7 6.Bd3 Nc6 7.Be3 Nf6 8.O-O Ne5
9.h3 b5 10.f4 Nc4 11.Bxc4 Qxc4 12.Qd3 Bb7 13.a4 Qxd3 14.cxd3 b4 15.Nce2 Bc5
16.Rfc1 d6 17.Kf2 O-O 18.Nb3 Bxe3+ 19.Kxe3 Rac8 20.Na5 Ba8 21.Nd4 g6 22.Nac6 Rce8
23.Nxb4 Rb8 24.Nxa6 Rxb2 25.g4 Rd8 26.Nc7 e5 27.fxe5 dxe5 28.Nc6 Bxc6 29.Rxc6 Kg7
30.Rf1 Rb3 31.Rd1 Rd4 32.a5 Rxe4+ 33.Kd2 Ra4 34.a6 Nd7 35.g5 Ra2+ 36.Ke3 Rba3
37.Rd6 Nc5 38.Rc1 Nxa6 39.Ne6+  1-0

[Event "Litomysl op"]
[Site "Litomysl"]
[Date "1995.??.??"]
[Round "6"]
[White "Jirovsky, Petr"]
[Black "Svobodova, Michaela"]
[Result "1-0"]
[WhiteElo "2255"]
[BlackElo "2155"]

1.e4 c5 2.Nf3 e6 3.d4 cxd4 4.Nxd4 a6 5.Nc3 b5 6.Bd3 d6 7.Be3 Nf6 8.O-O Bb7
9.a3 Be7 10.f4 Nbd7 11.Kh1 O-O 12.Qe1 Nc5 13.Bg1 Rc8 14.Rd1 Qc7 15.Nb3 Rfd8
16.Nxc5 dxc5 17.e5 Nd5 18.Nxd5 Bxd5 19.c3 Rd7 20.Be3 Rcd8 21.Bc2 Qc6 22.Qg3 Be4
23.Rxd7 Rxd7 24.Bd1 Rd3 25.Re1 c4 26.Qf2 Rxe3 27.Rxe3 Bc5 28.Bf3 Bxe3 29.Qxe3 Bxf3
30.gxf3 Qd5 31.Qe2 Qd3 32.Qf2 g6 33.Kg2 Kg7 34.Qh4 Qc2+ 35.Kg1 Qd1+ 36.Kg2 Qc2+
37.Kg3 Qf5 38.Qd8 h5 39.Qd2 Qd3 40.Qxd3 cxd3 41.Kf2 g5 42.fxg5 Kg6 43.h4 Kf5
44.Ke3 Kxe5 45.b3 a5 46.Kxd3 Kf4 47.Ke2 e5 48.c4 bxc4 49.bxc4 e4 50.c5 exf3+
51.Kf2 Ke5 52.Kxf3 a4 53.Ke3 Kd5 54.Kf4 Kxc5 55.Kf5 Kc4 56.Kf6 Kb3 57.Kxf7 Kxa3
58.g6 Kb2 59.g7 a3 60.g8=Q  1-0

[Event "Litomysl op"]
[Site "Litomysl"]
[Date "1995.??.??"]
[Round "6"]
[White "Tolnai, Tibor"]
[Black "Movsesian, Sergei"]
[Result "1/2-1/2"]
[WhiteElo "2455"]
[BlackElo "2470"]

1.e4 c5 2.Nf3 e6 3.d4 cxd4 4.Nxd4 a6 5.Nc3 Qc7 6.f4 b5 7.Bd3 Bb7 8.Qf3 Nf6
9.Be3 Bb4 10.O-O O-O 11.a4 bxa4 12.Nxa4 d5 13.e5 Ne4 14.c3 Be7 15.Qh3 Nd7
16.Kh1 Bc6  1/2-1/2

[Event "SLO-ch (Women)"]
[Site "Ljubljana"]
[Date "1995.??.??"]
[Round "?"]
[White "Mihevc, Narcisa"]
[Black "Krmelj, Natasa"]
[Result "1-0"]
[WhiteElo "2220"]
[BlackElo "2085"]

1.e4 c5 2.Nf3 e6 3.d4 cxd4 4.Nxd4 a6 5.Nc3 Qc7 6.Bd3 Nf6 7.O-O Nc6 8.Be3 Nxd4
9.Bxd4 Bc5 10.Bxc5 Qxc5 11.Qe2 d6 12.Kh1 Bd7 13.f4 e5 14.Nd5 Nxd5 15.exd5 f6
16.fxe5 dxe5 17.Qh5+ Ke7 18.Rad1 Qd6 19.c4 Rad8 20.Rf3 Bc8 21.Be4 b6 22.Bxh7 Rdf8
23.Qg6 Rf7 24.Rdf1 Kf8 25.Qe4 Qb4 26.Bg6 Re7 27.a3 Qd6 28.b4 Rh6 29.h3 Bb7
30.Rd1 Rc7 31.Bf5 a5 32.bxa5 bxa5 33.Rb1 Ba6 34.Rb8+ Ke7 35.Rc3 g5 36.Rg8 Qc5
37.Rg7+ Kd8 38.Rxc7 Kxc7 39.Bg4 Qf2 40.c5 Qf1+ 41.Kh2 Qf4+ 42.Qxf4 gxf4 43.d6+ Kc6
44.Bf3+ Kd7 45.Rb3 f5 46.Rb6 Bc8 47.Bc6+ Kd8 48.Rb8 Rh7 49.Bb5 e4 50.c6  1-0

[Event "Ljubljana op"]
[Site "Ljubljana"]
[Date "1995.??.??"]
[Round "3"]
[White "Mazi, Leon"]
[Black "Navinsek, Thomaz"]
[Result "1/2-1/2"]
[WhiteElo "2345"]
[BlackElo "2270"]

1.e4 c5 2.Nf3 e6 3.d4 cxd4 4.Nxd4 a6 5.Nc3 Qc7 6.g3 Bb4 7.Bd2 Nc6 8.Nb3 Nf6
9.Bg2 Ne5 10.O-O Be7 11.f4 Nc4 12.e5 Nxd2 13.Nxd2 Ng8 14.Nde4 b5 15.Nd6+ Bxd6
16.exd6 Qb6+ 17.Rf2 Bb7 18.Bxb7 Qxb7 19.Qg4 Kf8 20.b4 Rc8 21.Qf3 Qc6 22.Ne4 f5
23.Nc5 Nf6 24.Qxc6 Rxc6 25.Rd2 Kf7 26.a4 bxa4 27.Rxa4 Rb8 28.c3 Rbb6 29.Rda2 Rxd6
30.Rxa6 Rxa6 31.Nxa6 Rd1+ 32.Kg2 Nd5 33.b5 Rb1 34.Rd2 Ke7 35.Nc5 Rxb5 36.Nxd7 Kxd7
37.c4 Rc5 38.cxd5 exd5 39.Kf3 Kd6 40.Ke3 Ra5 41.Kd4 Ra4+ 42.Kd3 g6 43.Rc2 Rb4
44.Ra2 Kc5 45.Ra5+ Rb5 46.Ra7 Rb3+ 47.Kc2 Re3 48.Kd2 Rb3 49.Rxh7 Kd4 50.Ke2 Rb2+
51.Kf3 Rb3+ 52.Ke2 Rb6 53.h4 Rc6 54.Kf3 Kc3 55.g4 d4 56.h5 d3 57.Rd7 gxh5
58.gxf5 Rc8 59.f6 Kd2 60.f7 Rh8 61.Ke4 Ke2 62.Rxd3 Rf8 63.Rh3 Rxf7 64.Rh2+ Kf1
65.Rxh5 Kg2 66.Rg5+ Kh3 67.f5 Kh4 68.Rg1 Kh5 69.Ke5 Kh6 70.Ke6 Ra7 71.Rg6+ Kh7
72.Ke5 Ra5+ 73.Kf4 Ra1 74.Rg2 Ra4+ 75.Kg5 Kg7 76.Rb2 Ra6 77.Rb7+ Kg8 78.Re7 Kf8
79.Rh7 Rb6 80.Rh6 Rxh6 81.Kxh6 Kf7 82.Kg5 Kg7  1/2-1/2

[Event "ESP-chJ"]
[Site "Los Barrios"]
[Date "1995.??.??"]
[Round "5"]
[White "Somalo, M."]
[Black "Aranda Marin, Cristian"]
[Result "1-0"]
[WhiteElo "1960"]
[BlackElo "2235"]

1.e4 c5 2.Nf3 e6 3.d4 cxd4 4.Nxd4 a6 5.Nc3 Qc7 6.Bd3 Nc6 7.Be3 Nf6 8.O-O Bd6
9.Kh1 h5 10.Nxc6 dxc6 11.f4 Ng4 12.Bd2 e5 13.f5 Qb6 14.Qe2 Qxb2 15.h3 Nf6
16.Rab1 Qa3 17.Rb3 Qa5 18.Nb5 Qd8 19.Nxd6+ Qxd6 20.Rd1 O-O 21.Qf2 c5 22.c4 b5
23.Bc2 Bb7 24.Qh4 Rfd8 25.Rg3 Qc6 26.Qg5 Kf8 27.Qxg7+ Ke7 28.Bg5 Rd4 29.Rxd4 cxd4
30.cxb5 axb5 31.Bb3 Rf8 32.Bh4  1-0

[Event "POL-chT"]
[Site "Lubniewice"]
[Date "1995.??.??"]
[Round "10"]
[White "Gdanski, Jacek"]
[Black "Nowak, Ignacy"]
[Result "1/2-1/2"]
[WhiteElo "2480"]
[BlackElo "2400"]

1.e4 c5 2.Nf3 e6 3.Nc3 a6 4.d4 cxd4 5.Nxd4 Qc7 6.g3 Nc6 7.Bg2 d6 8.O-O Bd7
9.Re1 Be7 10.Nxc6 Bxc6 11.Qg4 h5 12.Qe2 h4 13.a4 hxg3 14.hxg3 Kf8 15.a5 Nf6
16.Be3 Re8 17.Bb6 Qc8 18.Bd4 Rh7 19.Na4 Nd7 20.c4 Nc5 21.Nb6 Qc7 22.Rad1 e5
23.Bc3 Na4 24.Qe3 Nxb6 25.axb6 Qc8 26.Bb4 Rh6 27.c5 dxc5 28.Bxc5 Bxc5 29.Qxc5+ Kg8
30.Rd2 Qg4 31.Rd6  1/2-1/2

[Event "Madras zt"]
[Site "Madras"]
[Date "1995.??.??"]
[Round "10"]
[White "Safarzadeh, Esmail"]
[Black "Safai, Pejman"]
[Result "0-1"]
[WhiteElo "2275"]
[BlackElo "2000"]

1.e4 c5 2.Nf3 e6 3.d4 cxd4 4.Nxd4 a6 5.Nc3 Qc7 6.f4 b5 7.Be2 Bb7 8.Bf3 d6
9.O-O Nf6 10.a3 Be7 11.Qe1 O-O 12.Qg3 Nc6 13.Be3 Nd7 14.Rad1 Nxd4 15.Bxd4 e5
16.Be3 exf4 17.Bxf4 Ne5 18.Kh1 Rfd8 19.Be2 Ng6 20.Be3 Rac8 21.Bd4 Bf8 22.Rf5 Re8
23.Bd3 Ne5 24.Rdf1 Re7 25.Ne2 g6 26.R5f2 Bg7 27.Bc3 Rce8 28.Nf4 Bc6 29.Rd1 Qb7
30.Bb4 Rd7 31.Rfd2 Nxd3 32.cxd3 d5 33.exd5 Bxd5 34.Nxd5 Qxd5 35.h3 Bh6 36.Re1 Rxe1+
37.Qxe1 Bxd2 38.Qe8+ Kg7 39.Qf8+ Kf6 40.Bxd2 Rd8 41.Bc3+ Ke6 42.Qg7 Qf5 43.d4 a5
44.Qh6 Qe4 45.Qg5 Rd5 46.Qg3 Rf5 47.Bxa5 Rf1+ 48.Kh2 Qf4 49.Qxf4 Rxf4 50.Bc3 Rf2
51.Kg3 Rc2 52.Kf3 Kd5 53.h4 h5 54.g3 f6 55.Ke3 g5 56.hxg5 fxg5 57.Kf3 Rh2
58.Ke3 Rh1 59.Kf3 Rf1+ 60.Kg2 Rf5 61.b3 g4 62.a4 Rf3 63.Be1 Rxb3 64.axb5 Rxb5
65.Bf2 Rb2 66.Kg1 Rxf2 67.Kxf2 Kxd4  0-1

[Event "CRO-chT"]
[Site "Makarska Tucepi"]
[Date "1995.??.??"]
[Round "?"]
[White "Galic, Kruno"]
[Black "Cvitan, Ognjen"]
[Result "0-1"]
[WhiteElo "2250"]
[BlackElo "2510"]

1.e4 c5 2.Nf3 e6 3.d4 cxd4 4.Nxd4 a6 5.Nc3 d6 6.Be2 Nf6 7.O-O Be7 8.f4 Qc7
9.Be3 O-O 10.Kh1 b5 11.Bf3 Bb7 12.e5 dxe5 13.fxe5 Nfd7 14.Bxb7 Qxb7 15.Bf4 b4
16.Nce2 Rd8 17.Qd3 Nf8 18.Bg3 Nbd7 19.Qe3 Ng6 20.Nf3 Nc5 21.Ng5 Bxg5 22.Qxg5 Rac8
23.Rad1 Rxd1 24.Rxd1 h6 25.Qe3 Qe4 26.Qf3 Nxe5 27.Bxe5 Qxe5 28.c3 a5 29.Rf1 f5
30.Nd4 Ne4 31.Re1 Qd5  0-1

[Event "CRO-chT"]
[Site "Makarska Tucepi"]
[Date "1995.??.??"]
[Round "?"]
[White "Rogic, Davor"]
[Black "Kurajica, Bojan"]
[Result "1/2-1/2"]
[WhiteElo "2435"]
[BlackElo "2595"]

1.e4 c5 2.Nf3 e6 3.d4 cxd4 4.Nxd4 a6 5.Nc3 Qc7 6.Bd3 Nf6 7.O-O Bc5 8.Be3 d6
9.Qe2 b5 10.Rad1 O-O 11.Nb3 Nbd7 12.e5 Nd5 13.Nxd5 exd5 14.Qh5 g6 15.exd6  1/2-1/2

[Event "CRO-chT"]
[Site "Makarska Tucepi"]
[Date "1995.??.??"]
[Round "?"]
[White "Videkovic, Marina"]
[Black "Bocina, Marija"]
[Result "1/2-1/2"]
[WhiteElo "2100"]
[BlackElo "2025"]

1.e4 c5 2.Nf3 e6 3.d4 cxd4 4.Nxd4 a6 5.Nc3 Qc7 6.Bd3 Nf6 7.O-O Be7 8.Qe2 d6
9.Kh1 Nc6 10.Nxc6 Qxc6 11.f4 O-O 12.e5 Nd7 13.Rf3 g6 14.Bd2 Nc5 15.Raf1 Nxd3
16.Rxd3 d5 17.f5 exf5 18.Nxd5 Bd8 19.Bc3 Be6 20.Nf6+ Bxf6 21.exf6 h6 22.Qd2 Kh7
23.Rff3 g5 24.Rfe3 Qc4 25.b3 Qf4 26.Qe1 Rfe8 27.Be5 Qg4 28.Rg3 Qe4 29.Rge3 Qg4
30.Rg3  1/2-1/2

[Event "Fide Mercenarios 2nd"]
[Site "MEX"]
[Date "1995.??.??"]
[Round "?"]
[White "Casillas, Jose J"]
[Black "Guevara, Mario"]
[Result "1-0"]
[WhiteElo "2165"]
[BlackElo "2260"]

1.e4 c5 2.Nf3 e6 3.d4 cxd4 4.Nxd4 a6 5.Nc3 Nc6 6.Be2 Nge7 7.Be3 Nxd4 8.Qxd4 b5
9.a3 Nc6 10.Qd2 Be7 11.O-O O-O 12.f4 Qc7 13.Bf3 Bb7 14.Rad1 d6 15.Qf2 Rac8
16.Rd2 Qb8 17.Ne2 b4 18.axb4 Nxb4 19.c3 Nc6 20.b4 Qa8 21.Qg3 Qb8 22.h4 Qc7
23.h5 Bf6 24.Rfd1 Be7 25.Kh2 Kh8 26.e5 d5 27.Nd4 Nxd4 28.Bxd4 f5 29.Qh3 Rf7
30.Ra1 Kg8 31.g4 g6 32.Rh1 Rcf8 33.Kg1 gxh5 34.Qxh5 fxg4 35.Bxg4 Rg7 36.Rg2 Bd8
37.Bxe6+ Kh8 38.Rh2  1-0

[Event "Moscow7"]
[Site "Moscow"]
[Date "1995.??.??"]
[Round "?"]
[White "Loskutov, Oleg"]
[Black "Annakov, Babakuli"]
[Result "0-1"]
[WhiteElo "2305"]
[BlackElo "2420"]

1.e4 c5 2.Nf3 e6 3.d4 cxd4 4.Nxd4 a6 5.Nc3 Qc7 6.Be2 Nf6 7.O-O d6 8.Be3 Be7
9.f4 O-O 10.Qe1 b5 11.Bf3 Bb7 12.a3 Nbd7 13.Qg3 Nc5 14.f5 e5 15.Nb3 Na4 16.Nxa4 bxa4
17.Nd2 d5 18.Kh1 Kh8 19.exd5 Nxd5 20.Be4 Rad8 21.f6 Nxf6 22.Bxb7 Qxb7 23.Nc4 Qe4
24.Qxe5 Qxc4 25.Qxe7 Rfe8 26.Qa7 Rd7 27.Qb6 Nd5 28.Qd4 Qc6 29.Qc5 Qxc5 30.Bxc5 Rc8
31.Rae1 h6 32.Bd4 Rxc2 33.Rd1 Kh7 34.h3 Re7 35.Rd3 Nc7 36.Rg3 f6 37.Rf5 Nb5
38.Bc5 Rd7 39.Bf8 Rf7 40.Bb4 Rxb2 41.Rg4 Rd7 42.Bf8 Nd4 43.Rf1 f5 44.Rg3 Rb3
45.Kh2 f4 46.Rg4 Ne6 47.Bb4 a5 48.Bxa5 Rxa3 49.Re1 h5 50.Rh4 g5 51.Rxh5+ Kg6
52.Rh8 Re3 53.Ra1 Re4 54.Ra8 Rdd4 55.Ra6 Rc4 56.Rd1 Re2 57.Rd2 Rxd2 58.Bxd2 Kf5
59.Ba5 Nc5 60.Ra7 a3 61.Bb6 Na4 62.Ra5+ Ke4 63.Bd8 a2 64.Bf6 Kd3 65.Rxg5 Rd4  0-1

[Event "Moscow-ch op"]
[Site "Moscow"]
[Date "1995.??.??"]
[Round "8"]
[White "Svistunov, K."]
[Black "Annakov, Babakuli"]
[Result "0-1"]
[WhiteElo "2285"]
[BlackElo "2410"]

1.e4 c5 2.Nf3 e6 3.d4 cxd4 4.Nxd4 a6 5.Nc3 Qc7 6.g3 Nf6 7.Bg2 d6 8.O-O Be7
9.Be3 O-O 10.h3 Nc6 11.a4 Na5 12.Qe2 Bd7 13.Rad1 Rab8 14.g4 Rfc8 15.g5 Ne8
16.f4 Nc4 17.Bc1 b5 18.axb5 axb5 19.f5 Qc5 20.Kh1 Nc7 21.Qf2 Ne5 22.Be3 Qb4
23.Nf3 Nc4 24.Bd4 e5 25.Ba7 Nxb2 26.Bxb8 Nxd1 27.Nxd1 Rxb8 28.f6 Bd8 29.fxg7 Be6
30.Nh4 Bxg5 31.Nf5 Qd2 32.Ne7+ Kxg7 33.Qg3 Kh8 34.Nf5 Rg8 35.Rg1 Ne8 36.Bf3 Bxf5
37.exf5 Nf6 38.Rg2 Qd4 39.c3 Qd3 40.Nf2 Qd4  0-1

[Event "JUG-chT"]
[Site "Nis"]
[Date "1995.??.??"]
[Round "?"]
[White "Zivic, Dragan"]
[Black "Tosic, Miroslav"]
[Result "0-1"]
[WhiteElo "2270"]
[BlackElo "2420"]

1.e4 c5 2.Nf3 e6 3.d4 cxd4 4.Nxd4 a6 5.Nc3 Qc7 6.Be2 b5 7.a3 Bb7 8.O-O Nf6
9.Bd3 Be7 10.Kh1 d5 11.exd5 Nxd5 12.Nxd5 Bxd5 13.Ne2 Bb7 14.Ng3 Nd7 15.c3 Rd8
16.Qe2 Nc5 17.Bc2 Bd5 18.Rd1 h5 19.Nxh5 g5 20.Ng3 f5 21.Kg1 Kf7 22.Be3 Bf6
23.Bd4 Nd7 24.Bxf6 Nxf6 25.Re1 Qf4 26.Rad1 Bc4 27.Qe3 Ng4 28.Qxf4 gxf4 29.h3 Nf6
30.Nf1 f3 31.Ne3 Be2 32.Rd4 Rxd4 33.cxd4 Rd8 34.gxf3 Bxf3 35.d5 Nxd5 36.Nxd5 Rg8+
37.Kf1 Bxd5 38.Re3 Bc4+ 39.Ke1 Rg1+ 40.Kd2 Kf6 41.Bd3 Bd5 42.Rg3 Rh1 43.Ke2 Rc1
44.Kd2 Rh1 45.Ke2 Ke5 46.Ke3 f4+  0-1

[Event "JUG-ch sf"]
[Site "Nis"]
[Date "1995.??.??"]
[Round "?"]
[White "Vratonjic, Slobodan"]
[Black "Todorovic, Bojan"]
[Result "1/2-1/2"]
[WhiteElo "2430"]
[BlackElo "2360"]

1.e4 c5 2.Nf3 e6 3.d4 cxd4 4.Nxd4 a6 5.Nc3 Ne7 6.Be3 Nbc6 7.Nb3 Ng6 8.a4 Bb4
9.Bd3 O-O 10.O-O Qc7 11.f4 f6 12.Qh5 Na5 13.Nd2 b6 14.Rae1 Bb7 15.Rf3 Rf7
16.Rh3 Nxf4 17.Qxh7+ Kf8 18.Rf3 Bc5 19.g3 Nxd3 20.cxd3 Nc6 21.Nc4  1/2-1/2

[Event "JUG-chT"]
[Site "Nis"]
[Date "1995.??.??"]
[Round "?"]
[White "Ivanisevic, Ivan"]
[Black "Abramovic, Bosko"]
[Result "0-1"]
[WhiteElo "2320"]
[BlackElo "2520"]

1.e4 c5 2.Nf3 e6 3.Nc3 a6 4.d4 cxd4 5.Nxd4 Nc6 6.Be2 Qc7 7.f4 b5 8.Nxc6 Qxc6
9.Bf3 Bb7 10.Be3 Rc8 11.Qd4 Qc4 12.O-O-O Qxd4 13.Bxd4 Ne7 14.a3 d6 15.Rhe1 Nc6
16.Bb6 Be7 17.e5 dxe5 18.fxe5 Ba8 19.Re2 O-O 20.Rd7 Bg5+ 21.Kb1 Bf4 22.Bxc6 Bxc6
23.Rd4 Bg5 24.Ne4 Bxe4 25.Rexe4 Rc6 26.Ba5 f6 27.Rd6 Rfc8 28.h4 f5 29.Red4 Be7
30.c3 Kf8 31.Rd7 Rc4 32.Bb4 Rxd4 33.Rxd4 Ke8 34.Bd6 Rc6 35.Bb4 Rc4 36.Rxc4 bxc4
37.h5 Bd8 38.Bd6 Kd7 39.b4 cxb3 40.c4 Kc6 41.Kb2 Bb6 42.Kxb3 Bc5 43.Bb8 g5
44.hxg6 hxg6 45.a4 g5 46.Kc3 g4 47.Kd3 f4 48.Ke2 Bb4 49.Kd3 Bc5 50.Ke2 Bb6
51.Bd6 Bc7 52.Bxc7 Kxc7 53.Kd3 Kc6 54.Ke4 f3 55.gxf3 gxf3 56.Kxf3 Kc5 57.Kf4 Kxc4
58.Kg5 Kd5  0-1

[Event "JUG-ch sf"]
[Site "Nis"]
[Date "1995.??.??"]
[Round "?"]
[White "Aleksic, Milan"]
[Black "Pikula, Dejan"]
[Result "1/2-1/2"]
[WhiteElo "2325"]
[BlackElo "2450"]

1.e4 c5 2.Nf3 e6 3.d4 cxd4 4.Nxd4 a6 5.Nc3 Qc7 6.Be2 Nf6 7.O-O Be7 8.f4 d6
9.a4 O-O 10.Be3 b6 11.Bf3 Bb7 12.g4 h6 13.Bg2 Nfd7 14.f5 e5 15.Nde2 Nf6 16.Ng3 Nbd7
17.g5 hxg5 18.Bxg5 b5 19.h4 Qc5+ 20.Kh2 b4 21.Nd5 Bxd5 22.exd5 Rac8 23.Rc1 Qa5
24.Rg1 Rc4 25.Bf3 Rd4 26.Qe2 Qd8 27.Rcd1 Rxd1 28.Qxd1 Nc5 29.Qd2 e4 30.Be2 Kh7
31.Qxb4 Nxd5 32.Qd4 Nf6  1/2-1/2

[Event "NLD-chT9596"]
[Site "?"]
[Date "1995.??.??"]
[Round "?"]
[White "Kroeze, Frank M"]
[Black "De Boer, Sybolt"]
[Result "1-0"]
[WhiteElo "2400"]
[BlackElo "2175"]

1.e4 c5 2.Nf3 e6 3.Nc3 a6 4.d4 cxd4 5.Nxd4 d6 6.g3 b5 7.Bg2 Bb7 8.O-O Nf6
9.Re1 e5 10.Nf5 g6 11.Ne3 Bg7 12.a4 b4 13.Ncd5 Nxd5 14.Nxd5 a5 15.c3 bxc3
16.bxc3 O-O 17.Rb1 Bc6 18.Nb6 Ra6 19.Be3 Nd7 20.Qd3 Bb7 21.Qxd6 Nxb6 22.Qxd8 Rxd8
23.Bxb6 Rc8 24.c4 Bc6 25.Bh3 Rb8 26.c5 Bxa4 27.Bf1 Raa8 28.Ra1 Bc6 29.Rxa5 Rxa5
30.Bxa5 Ra8 31.Bb6 Ra4 32.Rc1 Bh6 33.Rd1 Bf8 34.Bc7 f6 35.Rc1 Bxe4 36.c6 Bh6
37.f4 exf4 38.gxf4 Bf5 39.Bd6 Bxf4 40.Bxf4 Rxf4 41.c7 Rg4+ 42.Kf2 Rf4+ 43.Kg3 Ra4
44.Rc3 Ra8 45.Bd3 Be6 46.Be4 Ra5 47.Rc6 Ra3+ 48.Kf2 Bh3 49.Rxf6 Rc3 50.Bd5+ Kg7
51.Rf7+ Kh6 52.Be4 Rc4 53.Bd3 Rc3 54.Ke2 Bf5 55.Ba6 Rc2+ 56.Ke3 Bh3 57.Be2 Be6
58.Re7 Bf5 59.Kf4 Rc5 60.h4 Bh3 61.Ke3 g5 62.Kd4 Rc1 63.hxg5+ Kxg5 64.Rxh7 Bf5
65.Bc4 Ra1 66.Rh8 Ra7 67.Rg8+ Kf4 68.Rg7 Ra8 69.Bd5 Rh8 70.Rf7 Kg5 71.Ke5 Re8+
72.Kd6 Kg6 73.Re7  1-0

[Event "Novgorod op"]
[Site "Novgorod"]
[Date "1995.??.??"]
[Round "6"]
[White "Iordachescu, Viorel"]
[Black "Brodsky, Michail"]
[Result "1-0"]
[WhiteElo "2425"]
[BlackElo "2535"]

1.e4 c5 2.Nf3 e6 3.d4 cxd4 4.Nxd4 a6 5.Nc3 Qc7 6.Bd3 Nc6 7.Nxc6 bxc6 8.O-O Nf6
9.Qe2 d6 10.f4 Be7 11.Kh1 Nd7 12.Be3 e5 13.Rae1 Bf6 14.f5 Bb7 15.Nd1 d5 16.Nf2 d4
17.Bd2 c5 18.b3 a5 19.a4 Qb6 20.Nd1 Qd6 21.Nb2 Nb6 22.Rf3 h6 23.Ra1 Bg5 24.Be1 Ke7
25.h4 Bf6 26.g4 g5 27.fxg6 fxg6 28.Bg3 Qe6 29.Raf1 Rhf8 30.Qh2 Nd7 31.g5 hxg5
32.hxg5 Bg7 33.Rxf8 Rxf8 34.Rxf8 Nxf8 35.Nc4 Qg4 36.Qh4 Qd1+ 37.Kh2 Ne6 38.Qh7 Qh5+
39.Qxh5 gxh5 40.Nxa5 Ba8 41.Bh4 Kf7 42.Nc4 Kg6 43.a5 Nc7 44.Bg3 Kxg5 45.Nxe5 Ne6
46.Bc4 Bxe4 47.Bxe6 h4 48.Nf7+ Kg6 49.Bf4 Bxc2 50.Nd6 d3 51.Bf5+ Kf6 52.a6 Bf8
53.a7  1-0

[Event "Novorossijsk"]
[Site "Novorossijsk"]
[Date "1995.??.??"]
[Round "?"]
[White "Tseshkovsky, Vitaly"]
[Black "Poluljahov, Aleksandr"]
[Result "1/2-1/2"]
[WhiteElo "2540"]
[BlackElo "2460"]

1.e4 c5 2.Nf3 e6 3.Nc3 a6 4.d4 cxd4 5.Nxd4 Qc7 6.Bd3 Nc6 7.Be3 Nf6 8.O-O b5
9.Kh1 Bb7 10.a3 b4 11.axb4 Nxb4 12.Bg5 h6 13.Bh4 Bd6 14.Bxa6 Rxa6 15.Ndb5 Qc6
16.Rxa6 Bxa6 17.Nxd6+ Ke7 18.e5 Bxf1 19.exf6+ gxf6 20.Nce4 Nd5 21.Qf3 Rh7
22.Qa3 Qa6 23.Qxa6 Bxa6 24.c4 Bxc4 25.Nxc4 Rh8 26.Ne3 Ra8 27.h3 Ra2 28.Nxd5+ exd5
29.Nxf6 Ke6 30.Kg1 Rxb2 31.Kf1 d4 32.g4 d5 33.Ke1 d3 34.f4 Re2+ 35.Kd1 d4
36.Nh5 Kd5 37.Ng3 Rh2 38.Bf6 Rxh3 39.Nf5 Ke4 40.Nxd4 Kxf4 41.Kd2 Kxg4 42.Be5 h5
43.Bc7 h4 44.Nc6 f6 45.Nb4 Rg3 46.Nxd3 Kf3 47.Ne1+ Kf2 48.Nd3+ Kg2 49.Bxg3 Kxg3
50.Ke2 h3 51.Kf1  1/2-1/2